Coral reefs / (Record no. 660)

MARC details
000 -LEADER
fixed length control field 00901nam a22002657a 4500
005 - DATE AND TIME OF LATEST TRANSACTION
control field 20250403093824.0
020 ## - INTERNATIONAL STANDARD BOOK NUMBER
International Standard Book Number 071667288X
040 ## - CATALOGING SOURCE
Original cataloging agency DLC
Transcribing agency DLC
Modifying agency DLC
Language of cataloging eng
050 00 - LIBRARY OF CONGRESS CALL NUMBER
Classification number GB461
Item number .C67 2000
082 00 - DEWEY DECIMAL CLASSIFICATION NUMBER
Classification number 577.7
Edition number 21
100 ## - MAIN ENTRY--PERSONAL NAME
Personal name Chin, Jason
245 00 - TITLE STATEMENT
Title Coral reefs /
246 14 - VARYING FORM OF TITLE
Title proper/short title World Book encyclopedia presents, coral reefs
260 ## - PUBLICATION, DISTRIBUTION, ETC.
Place of publication, distribution, etc. New York :
Name of publisher, distributor, etc. Scholastic ;
Date of publication, distribution, etc. 2011.
300 ## - PHYSICAL DESCRIPTION
Extent 38 pages :
Other physical details color illustrations ;
Dimensions 28 cm. +
505 ## - FORMATTED CONTENTS NOTE
Formatted contents note J<br/>
520 ## - SUMMARY, ETC.
Summary, etc. A young girl gets quite a surprise when the text of a library book she is reading transforms her surroundings into those of a teeming-with-life coral reef!
521 ## - TARGET AUDIENCE NOTE
Target audience note 480<br/><br/>
Source Lexile estimate <br/>
521 ## - TARGET AUDIENCE NOTE
Target audience note J<br/>
Source Raz-Plus <br/>
650 #0 - SUBJECT ADDED ENTRY--TOPICAL TERM
Topical term or geographic name entry element Coral reefs and islands
Form subdivision Juvenile literature.
650 #1 - SUBJECT ADDED ENTRY--TOPICAL TERM
Topical term or geographic name entry element Coral reefs and islands.
906 ## - LOCAL DATA ELEMENT F, LDF (RLIN)
a 7
b cbc
c orignew
d 2
e opcn
f 19
g y-gencatlg
942 ## - ADDED ENTRY ELEMENTS (KOHA)
Source of classification or shelving scheme Dewey Decimal Classification
Koha item type Books
Suppress in OPAC No
999 ## -
-- 660
-- 660
Holdings
Withdrawn status Lost status Source of classification or shelving scheme Damaged status Not for loan Collection Home library Current library Shelving location Date acquired Total Checkouts Full call number Barcode Date last seen Date last checked out Copy number Price effective from Koha item type
    Dewey Decimal Classification     Juvenile Fiction Footprints International School Library Network Toul Kork Campus Footprints International School Library Network Toul Kork Campus TK Primary Library Room(4th Floor), Bookcase 1&2, Shelves 1-16, Dark Blue Books 04/03/2025 3 CHI Fic GB461.C45 FISTK00718 03/18/2026 03/11/2026 1 06/28/2023 Books
    Dewey Decimal Classification     Juvenile Fiction Footprints International School Library Network Toul Kork Campus Footprints International School Library Network Toul Kork Campus TK Primary Library Room(4th Floor), Bookcase 1&2, Shelves 1-16, Dark Blue Books 04/03/2025 1 CHI Fic GB461.C45 FISBK06111 04/23/2025 04/02/2025 2 04/03/2025 Books